Topónimos en apellidos hispanos / (Record no. 23129)

MARC details
000 -LEADER
campo de control de longitud fija 00536nam a2200181 i 4500
001 - NÚMERO DE CONTROL
campo de control 23129
003 - IDENTIFICADOR DE NÚMERO DE CONTROL
campo de control ES-MaACL
007 - CAMPO FIJO DE DESCRIPCIÓN FÍSICA--INFORMACIÓN GENERAL
campo de control de longitud fija t|
008 - DATOS DE LONGITUD FIJA--INFORMACIÓN GENERAL
campo de control de longitud fija 021209s1968 sp ||||1| spa d
100 1# - ENTRADA PRINCIPAL--NOMBRE DE PERSONA
Nombre de persona Alvarez, Garce de Jesús C.
9 (RLIN) 20635
245 10 - MENCIÓN DEL TÍTULO
Título Topónimos en apellidos hispanos /
Mención de responsabilidad, etc. Grace de Jesús C.
260 ## - PUBLICACIÓN, DISTRIBUCIÓN, ETC.
Lugar de publicación, distribución, etc. [Madrid :
Nombre del editor, distribuidor, etc. Castalia,
Fecha de publicación, distribución, etc. 1968]
300 ## - DESCRIPCIÓN FÍSICA
Extensión 587 p., 2 lám. ;
Dimensiones 24 cm.
490 1# - MENCIÓN DE SERIE
Mención de serie Estudios de Hispanófila
830 0# - PUNTO DE ACCESO ADICIONAL DE SERIE-TÍTULO UNIFORME
Título uniforme Estudios de Hispanófila
9 (RLIN) 186419
852 ## - LOCALIZACIÓN
Ubicación ES-MaACL
Número de control de estantería E-8133
Sublocalización o colección R.92733
Holdings
Estatus retirado Estado de pérdida Estado de daño No para préstamo Biblioteca de origen Biblioteca actual Ubicación en estantería Fecha de adquisición Fuente de adquisición Total de préstamos Signatura topográfica completa Código de barras Visto por última vez Precio de reemplazo Tipo de ítem Koha
        Biblioteca del Ateneo de Madrid Biblioteca del Ateneo de Madrid Depósito 2 17/01/2008     E-8133 1023829 23/02/2023 23/02/2023 Libro impreso